|
|
|
|
| LEADER |
00000nab a2200000 a 4500 |
| 001 |
vtls000596951 |
| 003 |
SK-MaSNL |
| 005 |
20260305042630.0 |
| 008 |
160202c1996 xo 0 slo |
| 015 |
|
|
|a SNBRB19rr/mm-uuuuu
|
| 035 |
|
|
|a CL0597090
|
| 040 |
|
|
|a SNKBUCL
|b slo
|c SNKBUCL
|e AACR2
|
| 041 |
0 |
|
|a slo
|
| 044 |
|
|
|a xo
|c SK
|
| 080 |
|
|
|a 331.572.4(437.6)
|2 1981
|
| 080 |
|
|
|a 351.712(437.6)
|2 1981
|
| 100 |
1 |
|
|a Komínková, Elena
|4 aut
|9 974550
|
| 245 |
1 |
0 |
|a Dlhodobá nezamestnanosť pretrváva napriek vynaloženým prostriedkom
|c Elena Komínková
|
| 650 |
0 |
7 |
|a verejnoprospešné práce
|2 snkbucl
|9 2334
|
| 650 |
0 |
7 |
|a miesta pracovné spoločensky účelné
|2 snkbucl
|9 1624052
|
| 655 |
|
7 |
|a články z novín a časopisov
|2 snkbucl
|9 267496
|
| 773 |
0 |
|
|t Práca
|g Roč. 51, č. 212 (11. 9. 1996)
|
| 773 |
0 |
|
|t [Príl.] Burza pracovných príležitostí
|g Č. 37 (1996), s. 11
|
| 850 |
|
|
|a Slovenská národná knižnica v Martine
|a MTA001
|
| 852 |
|
|
|a SNK
|b KIS3GCP
|
| 958 |
|
|
|a RK
|
| 958 |
|
|
|a SK
|
| 992 |
|
|
|a RBX
|
| 999 |
|
|
|c 3350318
|d 3352248
|